| 000 | 00398nam a2200145Ia 4500 | ||
|---|---|---|---|
| 008 | 230917s9999||||xx |||||||||||||| ||und|| | ||
| 040 |
_e209024 _aMAIN |
||
| 041 | _aEnglish | ||
| 082 | _a005.43 J825P | ||
| 100 | _aJourdain, Robert | ||
| 245 | 0 | _aC Express: 250 ready-to-run assembly-language routines | |
| 260 |
_aNew Delhi _bPrentice-Hall of India _c1990 |
||
| 300 | _axv, 412 p. | ||
| 942 | _cBK | ||
| 999 |
_c167584 _d167584 |
||